000 00724nam a2200289Ia 4500
005 20260324134306.0
008 008 260324s9999 xx 000 0 eng d
020 _a9780203994054
037 _aEBOOK
040 _aCRL
040 _beng
040 _cCRL
041 _2eng
041 _aeng
084 _qCRL
100 _aChris Scarre
_91196277
245 0 _aMonuments and Landscape in Atlantic Europe
245 0 _bPerception and Society During the Neolithic and Early Bronze Age
260 _bTaylor and Francis
260 _c2002
365 _a
365 _b230
856 _uhttp://www.taylorfrancis.com/books/9780203994054
942 _cEBOOK
999 _c1796208
_d1796208